| 000 | 01830nam a2200421Ii 4500 | ||
|---|---|---|---|
| 001 | DIGSIGHOM004 | ||
| 003 | NyNyDIG | ||
| 008 | 141101s2013 ck ob 000 0dspa d | ||
| 006 | m o d | ||
| 007 | cr ||||||||||| | ||
| 020 | _z9789586652445 | ||
| 020 | _z9586652440 | ||
| 035 | _a(OCoLC)907924847 | ||
| 040 |
_aDGITA _beng _erda _epn _cDGITA |
||
| 050 | 1 | 4 | _aPQ9261.P417 eBook |
| 100 | 1 |
_aVásquez, Carlos, _eauthor. |
|
| 245 | 1 | 4 |
_aLas hojas breves : _bacerca de Fernando Pessoa / _cCarlos Vásquez ; introducción de Carlos Ciro. |
| 250 | _aPrimera edición. | ||
| 264 | 1 |
_aBogotá D.C. : _bSiglo del Hombre Editores ; _aMedellín : _bUniversidad de Antioquia, _c2013. |
|
| 300 | _a1 online resource (175 pages) | ||
| 336 |
_atext _btxt _2rdacontent |
||
| 337 |
_acomputer _bc _2rdamedia |
||
| 338 |
_aonline resource _bcr _2rdacarrier |
||
| 490 | 1 | _aBiblioteca universitaria. Ciencias sociales y humanidades. Colección Espacios. | |
| 504 | _aIncludes bibliographical references. | ||
| 588 | 0 | _aOnline resource; title from ePub and PDF title page (Digitalia, viewed November 5, 2014) | |
| 600 | 1 | 0 |
_aPessoa, Fernando, _d1888-1935 _xCriticism and interpretation. |
| 650 | 0 | _aAuthors, Portuguese. | |
| 655 | 0 | _aElectronic books. | |
| 700 | 1 |
_aCiro, Carlos _eauthor of prologue, |
|
| 791 | 2 |
_aDigitalia (Firm), _edistributor. |
|
| 793 | 0 |
_gDigitalia eBook Collection: _aSiglo del Hombre Editores |
|
| 776 | 0 | 8 |
_iPrint version: _aVásquez, Carlos. _tHojas breves : acerca de Fernando Pessoa. _dBogotá : Siglo del Hombre Editores, 2013 _z9789586652445 _w(OCoLC)875314271. |
| 830 | 0 |
_aBiblioteca universitaria. _pCiencias sociales y humanidades. _pColección espacios. |
|
| 856 | 4 | 0 |
_3Digitalia Hispánica _uhttps://www.digitaliapublishing.com/a/28512/ |
| 910 | _aPremium Collection: 2014 | ||
| 942 | _cRAA | ||
| 999 |
_c239178 _d239178 |
||